Normal view
MARC view
- المواريث (فقه إسلامي)
Entry Topical Term
001 - CONTROL NUMBER
- control field: 37835
003 - CONTROL NUMBER IDENTIFIER
- control field: JO-AjAnu
005 - DATE AND TIME OF LATEST TRANSACTION
- control field: 20230606080315.0
008 - FIXED-LENGTH DATA ELEMENTS
- fixed length control field: 230606|| aca||aabn | a|a d
040 ## - CATALOGING SOURCE
- Original cataloging agency: JO-AjAnu
- Transcribing agency: JO-AjAnu
150 ## - HEADING--TOPICAL TERM
- Topical term or geographic name entry element: المواريث (فقه إسلامي)
670 ## - SOURCE DATA FOUND
- Source citation: Work cat.: (JO-AjAnu)19413: أبو يحيى ، محمد حسن , author 37834, الميراث في الشريعة الإسلامية من الناحية الفقهية والتطبيقية